[Event "2. BUNDESLIGA MITTE 2018/2019"]
[Site "Grieskirchen, Friedberg/Sauwald, St. Veit, Deutschlandsberg"]
[Date "2018.10.19"]
[Round "1"]
[Board "1"]
[White "Leisch, Lukas"]
[Black "Schmidt, Peter"]
[Result "0-1"]
[WhiteElo "2338"]
[BlackElo "2399"]
[PlyCount "82"]
[EventDate "2018.10.19"]
[EventType "team"]
[EventRounds "11"]
[EventCountry "AUT"]
[WhiteTeam "Freistadt/Wartberg"]
[BlackTeam "SPG Sauwald"]

1. e4 d6 2. d4 Nf6 3. Nc3 e5 4. Nf3 Nbd7 5. Bc4 Be7 6. O-O O-O 7. Re1 b6 8. Qe2
Bb7 9. Bb3 h6 10. h3 a6 11. Rd1 Qe8 12. dxe5 dxe5 13. Nd5 Nxd5 14. Bxd5 Bxd5
15. Rxd5 c6 16. Rd1 Qc8 17. Be3 Qc7 18. a4 Nc5 19. a5 b5 20. b4 Na4 21. Rxa4
bxa4 22. Bb6 Qc8 23. Nxe5 Qe6 24. f4 Bxb4 25. Bd4 Rfd8 26. f5 Qe8 27. c3 c5 28.
cxb4 Rxd4 29. Rxd4 cxd4 30. Nd3 a3 31. e5 Qb5 32. e6 a2 33. exf7+ Kf8 34. Qxa2
Qxd3 35. Qd5 Qe3+ 36. Kh2 Qf4+ 37. g3 Qd2+ 38. Kg1 Qc1+ 39. Kg2 Rc8 40. Qd6+
Kxf7 41. Qd7+ Kf8  0-1

[Event "2. BUNDESLIGA MITTE 2018/2019"]
[Site "Grieskirchen, Friedberg/Sauwald, St. Veit, Deutschlandsberg"]
[Date "2018.10.19"]
[Round "1"]
[Board "2"]
[White "Renner, Christoph"]
[Black "Koller, Hans-Juergen"]
[Result "0-1"]
[WhiteElo "2317"]
[BlackElo "2163"]
[PlyCount "158"]
[EventDate "2018.10.19"]
[EventType "team"]
[EventRounds "11"]
[EventCountry "AUT"]
[WhiteTeam "SPG Sauwald"]
[BlackTeam "Freistadt/Wartberg"]

1. c4 {[%emt 0:00:00]} g6 2. Nc3 Bg7 3. d4 c5 4. e3 Nf6 5. Nf3 O-O 6. Be2 cxd4
7. exd4 d5 8. O-O Nc6 9. Re1 Bg4 10. Bg5 dxc4 11. d5 Nb4 12. Bxc4 Bxf3 13. gxf3
Rc8 14. Bb3 Qd7 15. a3 Na6 16. Qe2 Nc5 17. Ba2 Qf5 18. Bh4 Rfe8 19. Rad1 Nh5
20. Qe3 Bf6 21. Bb1 Qd7 22. Bg3 Na4 23. Nxa4 Qxa4 24. Rd2 Red8 25. Kg2 b6 26.
Qe4 Rc4 27. Qe3 Qa5 28. Red1 Qc5 29. Ba2 Rc2 30. b4 Qc3 31. Qxc3 Rxc3 32. Rd3
Rdc8 33. d6 exd6 34. Bxd6 Rxd3 35. Rxd3 Rd8 36. Bc4 Be7 37. Bc7 Rxd3 38. Bxd3
a5 39. bxa5 bxa5 40. a4 Bb4 41. Kf1 Nf6 42. Be4 Nd7 43. Ke2 Kf8 44. Bc6 Ke7 45.
Bb5 Nc5 46. Ke3 Ne6 47. Bb6 Kd6 48. Kd3 Nf4+ 49. Kc4 Nd5 50. Bd4 Nc7 51. Ba7
Be1 52. Bc5+ Ke5 53. Be3 Nd5 54. Bd4+ Kd6 55. Be8 f5 56. Ba7 Nc7 57. Bf7 Ke7
58. Bg8 Kf8 59. Bd5 Ke7 60. Bc5+ Kf6 61. f4 Bd2 62. Bd6 Ne8 63. Be5+ Ke7 64.
Bf3 Nd6+ 65. Kc5 Bb4+ 66. Kc6 Nc4 67. Bd4 Nd6 68. Bd5 Nf7 69. Bxf7 Kxf7 70. Kb5
Ke6 71. Bb6 Bd2 72. Bxa5 Bxf4 73. Bb6 Bxh2 74. Kc6 h5 75. a5 h4 76. a6 Bb8 77.
Bc7 Ba7 78. Kb7 Bxf2 79. Bb6 h3  0-1

[Event "2. BUNDESLIGA MITTE 2018/2019"]
[Site "Grieskirchen, Friedberg/Sauwald, St. Veit, Deutschlandsberg"]
[Date "2018.10.19"]
[Round "1"]
[Board "3"]
[White "Mayerhofer, Peter"]
[Black "Testor, Sebastian"]
[Result "0-1"]
[WhiteElo "2181"]
[BlackElo "2293"]
[PlyCount "100"]
[EventDate "2018.10.19"]
[EventType "team"]
[EventRounds "11"]
[EventCountry "AUT"]
[WhiteTeam "Freistadt/Wartberg"]
[BlackTeam "SPG Sauwald"]

1. e4 e6 2. d4 d5 3. Nc3 Nf6 4. Bg5 dxe4 5. Nxe4 Nbd7 6. Nf3 h6 7. Nxf6+ Nxf6
8. Bxf6 Qxf6 9. Bd3 Bd6 10. Qe2 Bd7 11. O-O O-O-O 12. Ne5 Bxe5 13. dxe5 Qf4 14.
Qe4 Qxe4 15. Bxe4 Bc6 16. Bxc6 bxc6 17. Rad1 Rd5 18. Rxd5 cxd5 19. f4 Kd7 20.
Rf3 Rb8 21. b3 c5 22. Kf2 a5 23. Ke2 Rb4 24. g3 Kc6 25. a3 Rb7 26. Rc3 Rb8 27.
Kd2 f5 28. Ke2 g5 29. Kf2 Kb5 30. Rd3 Rg8 31. h3 gxf4 32. gxf4 h5 33. Rc3 h4
34. Rd3 Rg6 35. Rf3 Rg8 36. Rd3 Rg7 37. Re3 Ra7 38. Ke2 Rg7 39. Kf2 Rb7 40. Rc3
Kc6 41. Rd3 a4 42. Kf3 d4 43. Kf2 Kd5 44. Kf3 c4 45. bxc4+ Kxc4 46. Ke2 Rb1 47.
Rf3 Rc1 48. Kd2 Rg1 49. Ke2 Rg2+ 50. Kd1 Rg3  0-1

[Event "2. BUNDESLIGA MITTE 2018/2019"]
[Site "Grieskirchen, Friedberg/Sauwald, St. Veit, Deutschlandsberg"]
[Date "2018.10.19"]
[Round "1"]
[Board "4"]
[White "Taggatz, Mario"]
[Black "Rechberger, Franz"]
[Result "1-0"]
[WhiteElo "2210"]
[BlackElo "2115"]
[PlyCount "61"]
[EventDate "2018.10.19"]
[EventType "team"]
[EventRounds "11"]
[EventCountry "AUT"]
[WhiteTeam "SPG Sauwald"]
[BlackTeam "Freistadt/Wartberg"]

1. d4 Nf6 2. Nf3 e6 3. Bg5 h6 4. Bh4 Be7 5. Nbd2 d5 6. e3 O-O 7. Bd3 c5 8. c3
Nc6 9. Ne5 Nd7 10. Bxe7 Qxe7 11. Qh5 Ndxe5 12. dxe5 Qg5 13. Qxg5 hxg5 14. f4 b6
15. O-O-O Bb7 16. Nf3 gxf4 17. exf4 Rfd8 18. Ng5 Rd7 19. h4 d4 20. h5 Rad8 21.
c4 Kf8 22. a3 Ke7 23. h6 gxh6 24. Rxh6 Rf8 25. Re1 Nd8 26. f5 exf5 27. Bxf5 Rc7
28. e6 fxe6 29. Bxe6 Nxe6 30. Nxe6 Rf7 31. Nxc5+  1-0

[Event "2. BUNDESLIGA MITTE 2018/2019"]
[Site "Grieskirchen, Friedberg/Sauwald, St. Veit, Deutschlandsberg"]
[Date "2018.10.19"]
[Round "1"]
[Board "5"]
[White "Traunwieser, Georg"]
[Black "Hiermann, Dietmar"]
[Result "1/2-1/2"]
[WhiteElo "2102"]
[BlackElo "2203"]
[PlyCount "59"]
[EventDate "2018.10.19"]
[EventType "team"]
[EventRounds "11"]
[EventCountry "AUT"]
[WhiteTeam "Freistadt/Wartberg"]
[BlackTeam "SPG Sauwald"]

1. d4 {[%emt 0:00:00]} d5 2. c4 e6 3. Nc3 Nf6 4. cxd5 exd5 5. Bg5 c6 6. Qc2 Be7
7. e3 Nbd7 8. Bd3 Nh5 9. Bxe7 Qxe7 10. Nge2 Nhf6 11. Ng3 Nb6 12. O-O O-O 13.
Rae1 Be6 14. f3 Rad8 15. Nce2 g6 16. Nf4 Rfe8 17. b3 Nbd7 18. e4 dxe4 19. fxe4
Nb6 20. e5 Nfd5 21. Nxe6 fxe6 22. a3 Rf8 23. Rxf8+ Rxf8 24. Bxg6 hxg6 25. Qxg6+
Qg7 26. Qxe6+ Qf7 27. Qg4+ Qg7 28. Qe6+ Qf7 29. Qg4+ Qg7 30. Qe6+  1/2-1/2

[Event "2. BUNDESLIGA MITTE 2018/2019"]
[Site "Grieskirchen, Friedberg/Sauwald, St. Veit, Deutschlandsberg"]
[Date "2018.10.19"]
[Round "1"]
[Board "6"]
[White "Hellmayr, Alois"]
[Black "Postlmayer, Jakob"]
[Result "1-0"]
[WhiteElo "2283"]
[BlackElo "2137"]
[PlyCount "65"]
[EventDate "2018.10.19"]
[EventType "team"]
[EventRounds "11"]
[EventCountry "AUT"]
[WhiteTeam "SPG Sauwald"]
[BlackTeam "Freistadt/Wartberg"]

1. d4 {[%emt 0:00:00]} Nf6 {[%eval 0,0] [%emt 0:00:00]} 2. Nf3 g6 3. Nbd2 Bg7
4. e4 d6 5. c3 O-O 6. Be2 Nbd7 7. O-O e5 8. dxe5 dxe5 9. Qc2 Re8 10. a4 c6 11.
Re1 Qc7 12. Nc4 Nc5 13. Nfd2 Be6 14. b4 Bxc4 15. Bxc4 Ne6 16. Nf3 a5 17. Ng5
Nxg5 18. Bxg5 Nd7 19. Red1 h6 20. Be3 Red8 21. Qb3 Nf6 22. Rxd8+ Qxd8 23. Bxf7+
Kh7 24. Rd1 Qc7 25. f3 axb4 26. cxb4 Bf8 27. a5 Bxb4 28. Bxg6+ Kxg6 29. Qxb4
Qxa5 30. Qe7 Qa3 31. Bc5 Qa2 32. f4 Re8 33. f5+  1-0

[Event "2. BUNDESLIGA MITTE 2018/2019"]
[Site "Grieskirchen, Friedberg/Sauwald, St. Veit, Deutschlandsberg"]
[Date "2018.10.19"]
[Round "1"]
[Board "1"]
[White "Schwabeneder, Florian"]
[Black "Kociscak, Jiri"]
[Result "1/2-1/2"]
[WhiteElo "2430"]
[BlackElo "2496"]
[PlyCount "172"]
[EventDate "2018.10.19"]
[EventType "team"]
[EventRounds "11"]
[EventCountry "AUT"]
[WhiteTeam "SPK Grieskirchen/Schallerbach"]
[BlackTeam "SV Steyregg"]

1. e4 {[%emt 0:00:00]} e5 2. Nf3 Nc6 3. Bb5 Nf6 4. O-O Nxe4 5. d4 Nd6 6. Bxc6
dxc6 7. dxe5 Nf5 8. Qxd8+ Kxd8 9. Rd1+ Ke8 10. Nc3 h6 11. h3 Be7 12. b3 b6 13.
Ne2 Bb7 14. Ned4 Nxd4 15. Nxd4 Rd8 16. Bb2 g6 17. Ne2 Rg8 18. Rxd8+ Kxd8 19.
Rd1+ Kc8 20. f3 h5 21. g4 c5 22. Kg2 c4 23. bxc4 hxg4 24. hxg4 Ba6 25. Rd4 Rd8
26. Rxd8+ Kxd8 27. Nc3 Bxc4 28. f4 Bc5 29. Kf3 Bd4 30. a3 Kd7 31. Ke4 c5 32.
Nd1 Be2 33. c3 Bg1 34. Ne3 c4 35. Bc1 Kc6 36. Bd2 Kc5 37. Be1 Kb5 38. f5 Bd3+
39. Kf3 Bxe3 40. Kxe3 gxf5 41. gxf5 Ka4 42. Kf4 Kxa3 43. Kg5 Bxf5 44. Kxf5 Kb2
45. Kf6 a5 46. Kxf7 a4 47. e6 a3 48. e7 a2 49. e8=Q a1=Q 50. Qe2+ Kb3 51. Qe5
Qa4 52. Qd6 b5 53. Ke6 Qa1 54. Qe5 Qa6+ 55. Kf5 Qc8+ 56. Kf4 Qd7 57. Qf5 Qd6+
58. Kf3 Qd1+ 59. Kf2 b4 60. cxb4 c3 61. Bxc3 Kxc3 62. Qc5+ Kb2 63. b5 Qd2+ 64.
Kf3 Qd3+ 65. Kf4 Qf1+ 66. Ke5 Qe2+ 67. Kd6 Qd3+ 68. Qd5 Qa3+ 69. Qc5 Qd3+ 70.
Kc7 Qh7+ 71. Kb8 Qg8+ 72. Ka7 Qf7+ 73. Ka6 Qa2+ 74. Kb7 Qf7+ 75. Qc7 Qf3+ 76.
Ka6 Qa8+ 77. Kb6 Qe4 78. Qd6 Kb1 79. Qf6 Qe3+ 80. Kb7 Qe4+ 81. Ka7 Qh7+ 82. Kb6
Qe4 83. Ka5 Qd5 84. Qg6+ Kb2 85. Qc6 Qd2+ 86. Kb6 Qf2+  1/2-1/2

[Event "2. BUNDESLIGA MITTE 2018/2019"]
[Site "Grieskirchen, Friedberg/Sauwald, St. Veit, Deutschlandsberg"]
[Date "2018.10.19"]
[Round "1"]
[Board "2"]
[White "Velicka, Petr"]
[Black "Haba, Petr"]
[Result "1/2-1/2"]
[WhiteElo "2430"]
[BlackElo "2445"]
[PlyCount "44"]
[EventDate "2018.10.19"]
[EventType "team"]
[EventRounds "11"]
[EventCountry "AUT"]
[WhiteTeam "SV Steyregg"]
[BlackTeam "SPK Grieskirchen/Schallerbach"]

1. Nf3 {[%emt 0:00:00]} d5 2. d4 Nf6 3. c4 c6 4. e3 a6 5. Bd3 dxc4 6. Bxc4 e6
7. O-O c5 8. dxc5 Bxc5 9. Qxd8+ Kxd8 10. a3 b5 11. Be2 Ke7 12. b4 Bd6 13. Bb2
Bb7 14. Nbd2 Rc8 15. Rfc1 Nbd7 16. Nb3 Bd5 {[%emt 0:00:00]} 17. Na5 Nb6 18. Ne5
Na4 19. Nec6+ Kd7 20. Ne5+ Ke7 21. Nec6+ Kd7 22. Ne5+ Ke7  1/2-1/2

[Event "2. BUNDESLIGA MITTE 2018/2019"]
[Site "Grieskirchen, Friedberg/Sauwald, St. Veit, Deutschlandsberg"]
[Date "2018.10.19"]
[Round "1"]
[Board "3"]
[White "Kilgus, Georg"]
[Black "Enoeckl, Philipp"]
[Result "1-0"]
[WhiteElo "2436"]
[BlackElo "2291"]
[PlyCount "88"]
[EventDate "2018.10.19"]
[EventType "team"]
[EventRounds "11"]
[EventCountry "AUT"]
[WhiteTeam "SPK Grieskirchen/Schallerbach"]
[BlackTeam "SV Steyregg"]

1. Nf3 Nf6 2. d4 g6 3. g3 Bg7 4. Bg2 O-O 5. O-O d6 6. b3 c5 7. c4 cxd4 8. Nxd4
d5 9. cxd5 Nxd5 10. Bb2 Nb4 11. Na3 N8c6 12. Nxc6 Nxc6 13. Bxg7 Kxg7 14. Bxc6
bxc6 15. Rc1 Bh3 16. Re1 Rc8 17. Qxd8 Rfxd8 18. Rc2 Rd5 19. f3 Be6 20. Rec1 Ra5
21. Nb1 Rd8 22. Kf2 Rd6 23. Nc3 Bd7 24. Na4 Rad5 25. Nc5 Be8 26. Rc4 Rd4 27.
Ke3 e5 28. Nd3 f6 29. Rxd4 Rxd4 30. f4 Rd5 31. fxe5 fxe5 32. Nc5 Kf6 33. b4 Rd4
34. Nd3 Bd7 35. Rc3 h5 36. a3 h4 37. Nc5 Bf5 38. Nd3 Re4+ 39. Kf3 hxg3 40. hxg3
Kg5 41. Rxc6 Rg4 42. Rc5 Kf6 43. e3 Rg5 44. Nf2 Rh5  1-0

[Event "2. BUNDESLIGA MITTE 2018/2019"]
[Site "Grieskirchen, Friedberg/Sauwald, St. Veit, Deutschlandsberg"]
[Date "2018.10.19"]
[Round "1"]
[Board "4"]
[White "Meyer, Gordon"]
[Black "Singer, Christoph"]
[Result "0-1"]
[WhiteElo "2206"]
[BlackElo "2347"]
[PlyCount "130"]
[EventDate "2018.10.19"]
[EventType "team"]
[EventRounds "11"]
[EventCountry "AUT"]
[WhiteTeam "SV Steyregg"]
[BlackTeam "SPK Grieskirchen/Schallerbach"]

1. e4 {[%emt 0:00:00]} e5 2. d4 exd4 3. c3 d5 4. exd5 Qxd5 5. cxd4 Nc6 6. Nf3
Bg4 7. Be2 Bxf3 8. Bxf3 Qc4 9. Nc3 Bb4 10. Qb3 Qxb3 11. axb3 Nge7 12. O-O O-O-O
13. Be3 a6 14. Ra4 Bd6 15. Ne4 h6 16. Rc1 f5 17. Nc5 f4 18. d5 Ne5 19. Rxf4
Nxf3+ 20. Rxf3 Nxd5 21. Ne6 Rd7 22. Bd4 Rg8 23. g3 Re7 24. Nc5 Rge8 25. Kg2 Nb4
26. Nd3 Nc6 27. Bc3 Na7 28. Nf4 Nb5 29. Nd5 Rd7 30. Bd2 Kb8 31. Rd3 Red8 32.
Rd1 Be5 33. Bf4 Bxf4 34. Nxf4 Rxd3 35. Rxd3 Rxd3 36. Nxd3 Nd4 37. Nc5 Ka7 38.
f4 Kb6 39. Ne4 Nxb3 40. f5 Nc5 41. Nd2 Nd3 42. b3 Kc5 43. Kf3 Kd4 44. g4 b5 45.
h4 a5 46. g5 hxg5 47. hxg5 c5 48. Ke2 Nf4+ 49. Kd1 Nd5 50. Kc1 Ke5 51. f6 gxf6
52. gxf6 Nxf6 53. Kc2 Kd4 54. Nf3+ Ke3 55. Ne5 Nd5 56. Kb2 Nb4 57. Kc3 Ke4 58.
Nd7 Nd5+ 59. Kd2 Kd4 60. Nb8 Nb4 61. Nd7 c4 62. bxc4 bxc4 63. Nb6 c3+ 64. Kc1
Kd3 65. Na4 Na2+  0-1

[Event "2. BUNDESLIGA MITTE 2018/2019"]
[Site "Grieskirchen, Friedberg/Sauwald, St. Veit, Deutschlandsberg"]
[Date "2018.10.19"]
[Round "1"]
[Board "5"]
[White "Webersberger, Johann"]
[Black "Wiesinger, Robert"]
[Result "1/2-1/2"]
[WhiteElo "2368"]
[BlackElo "2233"]
[PlyCount "63"]
[EventDate "2018.10.19"]
[EventType "team"]
[EventRounds "11"]
[EventCountry "AUT"]
[WhiteTeam "SPK Grieskirchen/Schallerbach"]
[BlackTeam "SV Steyregg"]

1. Nf3 d5 2. c4 d4 3. g3 Nc6 4. Bg2 e5 5. O-O Nf6 6. d3 a5 7. e3 dxe3 8. Bxe3
Be7 9. Nc3 O-O 10. d4 exd4 11. Nxd4 Nxd4 12. Qxd4 Qxd4 13. Bxd4 c6 14. Na4 Be6
15. Rac1 Nd7 16. Rfd1 Rab8 17. b3 Rfd8 18. c5 Bf6 19. Bxf6 Nxf6 20. Nb6 Kf8 21.
h3 h5 22. f4 g6 23. Kf2 Ke7 24. Ke3 Nd7 25. Nxd7 Rxd7 26. Rxd7+ Kxd7 27. Rd1+
Kc7 28. Rd4 Re8 29. Re4 Rd8 30. Rd4 Re8 31. Re4 Rd8 32. Rd4  1/2-1/2

[Event "2. BUNDESLIGA MITTE 2018/2019"]
[Site "Grieskirchen, Friedberg/Sauwald, St. Veit, Deutschlandsberg"]
[Date "2018.10.19"]
[Round "1"]
[Board "6"]
[White "Raber, Florian"]
[Black "Lentrodt, Thomas"]
[Result "0-1"]
[WhiteElo "2121"]
[BlackElo "2281"]
[PlyCount "108"]
[EventDate "2018.10.19"]
[EventType "team"]
[EventRounds "11"]
[EventCountry "AUT"]
[WhiteTeam "SV Steyregg"]
[BlackTeam "SPK Grieskirchen/Schallerbach"]

1. d4 Nf6 2. Nf3 e6 3. e3 b6 4. Bd3 Bb7 5. Nbd2 d5 6. O-O Be7 7. Qe2 O-O 8. e4
dxe4 9. Nxe4 Nbd7 10. Rd1 Nxe4 11. Bxe4 Bxe4 12. Qxe4 Nf6 13. Qe2 Qd5 14. Bg5
h6 15. Bh4 Rfe8 16. c4 Qb7 17. Ne5 Rac8 18. c5 Qd5 19. Rac1 a5 20. Qa6 Ra8 21.
Qe2 Qxa2 22. cxb6 cxb6 23. Nc6 Qd5 24. Nxe7+ Rxe7 25. Qe5 Rd8 26. Bxf6 gxf6 27.
Qxf6 Qg5 28. Qxg5+ hxg5 29. Rc6 Rb7 30. Kf1 Rd5 31. Ke2 Kf8 32. Kd3 Ke7 33.
Rdc1 Kd7 34. Rc8 Rb5 35. R8c2 Kd6 36. h4 Rb3+ 37. Ke2 gxh4 38. Rh1 Rc7 39. Rd2
Rc4 40. Rxh4 Rcb4 41. Rh7 f5 42. d5 Rxb2 43. dxe6+ Kxe6 44. Rh6+ Ke5 45. g3
Rxd2+ 46. Kxd2 a4 47. Kc3 Rb3+ 48. Kc2 b5 49. Rb6 Kd4 50. Rb8 Kc4 51. Rc8+ Kb4
52. g4 Rf3 53. g5 Rxf2+ 54. Kd3 Rg2  0-1

[Event "2. BUNDESLIGA MITTE 2018/2019"]
[Site "Grieskirchen, Friedberg/Sauwald, St. Veit, Deutschlandsberg"]
[Date "2018.10.19"]
[Round "1"]
[Board "1"]
[White "Halvax, Georg"]
[Black "Gonda, Laszlo"]
[Result "1/2-1/2"]
[WhiteElo "2421"]
[BlackElo "2530"]
[PlyCount "51"]
[EventDate "2018.10.19"]
[EventType "team"]
[EventRounds "11"]
[EventCountry "AUT"]
[WhiteTeam "SC MPOE Maria Saal II"]
[BlackTeam "ASK St.Valentin"]

1. d4 Nf6 2. c4 e6 3. Nf3 b6 4. g3 Bb7 5. Bg2 Be7 6. O-O O-O 7. d5 exd5 8. Nh4
c6 9. cxd5 Nxd5 10. Nf5 Nc7 11. e4 d5 12. Nc3 Nba6 13. Bf4 d4 14. Nxd4 Bg5 15.
Bxg5 Qxg5 16. h4 Qf6 17. Nf5 Rad8 18. Qh5 g6 19. Qh6 Ne8 20. Ne3 Qg7 21. Qf4
Nc5 22. Rfd1 Ne6 23. Qf3 Nd4 24. Qf4 Ne6 25. Qf3 Nd4 26. Qf4  1/2-1/2

[Event "2. BUNDESLIGA MITTE 2018/2019"]
[Site "Grieskirchen, Friedberg/Sauwald, St. Veit, Deutschlandsberg"]
[Date "2018.10.19"]
[Round "1"]
[Board "2"]
[White "Sandhoefner, Florian"]
[Black "Handler, Lukas"]
[Result "1-0"]
[WhiteElo "2310"]
[BlackElo "2415"]
[PlyCount "69"]
[EventDate "2018.10.19"]
[EventType "team"]
[EventRounds "11"]
[EventCountry "AUT"]
[WhiteTeam "ASK St.Valentin"]
[BlackTeam "SC MPOE Maria Saal II"]

1. d4 {[%emt 0:00:00]} Nf6 2. c4 e6 3. Nf3 d5 4. Nc3 Bb4 5. Bg5 dxc4 6. e4 b5
7. e5 h6 8. Bh4 g5 9. Nxg5 hxg5 10. Bxg5 Nbd7 11. Qf3 Rb8 12. exf6 Bb7 13. Qe3
Nb6 14. O-O-O Nd5 15. Nxd5 Bxd5 16. h4 c6 17. Kb1 Qa5 18. Rc1 c3 19. a3 Qa4 20.
f3 Bxa3 21. Rxc3 Bb4 22. b3 Qa5 23. Rc2 Qb6 24. Bd3 a5 25. Be4 a4 26. Bxd5 cxd5
27. Rhc1 axb3 28. Rc8+ Kd7 29. R1c7+ Qxc7 30. Rxc7+ Kxc7 31. Bf4+ Kb6 32. Bxb8
Rxb8 33. Qxb3 Bd2 34. Qc2 Bb4 35. h5  1-0

[Event "2. BUNDESLIGA MITTE 2018/2019"]
[Site "Grieskirchen, Friedberg/Sauwald, St. Veit, Deutschlandsberg"]
[Date "2018.10.19"]
[Round "1"]
[Board "3"]
[White "Rieger, Robert"]
[Black "Hajnal, Zoltan"]
[Result "1/2-1/2"]
[WhiteElo "2297"]
[BlackElo "2402"]
[PlyCount "85"]
[EventDate "2018.10.19"]
[EventType "team"]
[EventRounds "11"]
[EventCountry "AUT"]
[WhiteTeam "SC MPOE Maria Saal II"]
[BlackTeam "ASK St.Valentin"]

1. e4 e5 2. Nf3 Nc6 3. Bb5 a6 4. Ba4 Nf6 5. O-O Be7 6. d3 d6 7. Nc3 O-O 8. a3
Bg4 9. Be3 Nd4 10. Bxd4 exd4 11. Nb1 Nd7 12. Bb3 Ne5 13. Nbd2 Bf6 14. h3 Nxf3+
15. Nxf3 Be6 16. Nd2 g6 17. f4 Bg7 18. Qf3 c6 19. g4 Bxb3 20. Nxb3 f5 21. exf5
gxf5 22. Rae1 Qd7 23. g5 Rae8 24. Qh5 Re3 25. Nd2 Rfe8 26. Nf3 R8e6 27. Rc1 d5
28. Rf2 c5 29. Kg2 c4 30. Nh4 Rb6 31. Rb1 cxd3 32. cxd3 Rxd3 33. Rc1 Rdb3 34.
g6 hxg6 35. Nxg6 Rc6 36. Rxc6 bxc6 37. Qg5 Re3 38. h4 Qe6 39. Ne5 Kh7 40. Qh5+
Kg8 41. Qg5 Kh7 42. Qh5+ Kg8 43. Qg5  1/2-1/2

[Event "2. BUNDESLIGA MITTE 2018/2019"]
[Site "Grieskirchen, Friedberg/Sauwald, St. Veit, Deutschlandsberg"]
[Date "2018.10.19"]
[Round "1"]
[Board "4"]
[White "Heimberger, Reinhard"]
[Black "Tomazini, Zan"]
[Result "0-1"]
[WhiteElo "2235"]
[BlackElo "2431"]
[PlyCount "92"]
[EventDate "2018.10.19"]
[EventType "team"]
[EventRounds "11"]
[EventCountry "AUT"]
[WhiteTeam "ASK St.Valentin"]
[BlackTeam "SC MPOE Maria Saal II"]

1. d4 Nf6 2. Nf3 g6 3. g3 b5 4. a4 b4 5. c3 Na6 6. Bg2 Rb8 7. O-O Bg7 8. Bf4
O-O 9. c4 d6 10. Nbd2 c5 11. Nb3 cxd4 12. Nfxd4 Bb7 13. Nb5 Bxg2 14. Kxg2 Qb6
15. Be3 Nc5 16. f3 a6 17. a5 Qb7 18. N5d4 Ng4 19. Bg1 Ne5 20. Nxc5 dxc5 21. Nb3
Nxc4 22. Nxc5 Nxb2 23. Qd7 Qb5 24. Qxb5 Rxb5 25. Nxa6 Nc4 26. Ra4 Bc3 27. Nc7
Rxa5 28. Rxa5 Nxa5 29. Nd5 e6 30. Nxc3 bxc3 31. Rc1 Rc8 32. Rc2 Nb3 33. Be3 e5
34. Kf2 f5 35. f4 e4 36. Bc1 Nd4 37. Ra2 Nb3 38. Rc2 Kf7 39. e3 Ke6 40. Ba3 Nc5
41. Ke2 Nd3 42. Kd1 Kd5 43. Be7 Kc4 44. Bf6 Kb3 45. Bg7 Nb4 46. Rc1 c2+  0-1

[Event "2. BUNDESLIGA MITTE 2018/2019"]
[Site "Grieskirchen, Friedberg/Sauwald, St. Veit, Deutschlandsberg"]
[Date "2018.10.19"]
[Round "1"]
[Board "5"]
[White "Kreisl, Robert"]
[Black "Casagrande, Harald"]
[Result "1-0"]
[WhiteElo "2427"]
[BlackElo "2302"]
[PlyCount "71"]
[EventDate "2018.10.19"]
[EventType "team"]
[EventRounds "11"]
[EventCountry "AUT"]
[WhiteTeam "SC MPOE Maria Saal II"]
[BlackTeam "ASK St.Valentin"]

1. Nf3 Nf6 2. g3 d5 3. Bg2 c6 4. O-O h5 5. c4 h4 6. Nxh4 dxc4 7. Na3 Be6 8. Nf3
Bd5 9. Qc2 b5 10. b3 cxb3 11. axb3 e5 12. Nxe5 Bxg2 13. Kxg2 Qd5+ 14. Nf3 Be7
15. d3 Na6 16. h4 Nc5 17. Rb1 Rd8 18. Bb2 Nh5 19. Bc1 Ne6 20. e4 Qxd3 21. Qxc6+
Kf8 22. Ne5 Qe2 23. Rb2 Nhf4+ 24. gxf4 Nxf4+ 25. Bxf4 Qxb2 26. Nxb5 Qxb3 27.
Rh1 g5 28. Rh3 Qa2 29. Be3 gxh4 30. Rf3 Kg8 31. Rxf7 Qxf7 32. Nxf7 Kxf7 33. Kh3
a5 34. Qc4+ Kf8 35. Nd4 Rd6 36. Nf5  1-0

[Event "2. BUNDESLIGA MITTE 2018/2019"]
[Site "Grieskirchen, Friedberg/Sauwald, St. Veit, Deutschlandsberg"]
[Date "2018.10.19"]
[Round "1"]
[Board "6"]
[White "Dornauer, Joachim"]
[Black "Ertl, Johann"]
[Result "1-0"]
[WhiteElo "2178"]
[BlackElo "2255"]
[PlyCount "119"]
[EventDate "2018.10.19"]
[EventType "team"]
[EventRounds "11"]
[EventCountry "AUT"]
[WhiteTeam "ASK St.Valentin"]
[BlackTeam "SC MPOE Maria Saal II"]

1. d4 Nf6 2. c4 g6 3. Nc3 Bg7 4. e4 d6 5. Nf3 O-O 6. Be2 Bg4 7. Be3 Nfd7 8. Ng1
Bxe2 9. Ngxe2 c5 10. O-O Nc6 11. d5 Nce5 12. b3 a6 13. h3 Nf6 14. f4 Ned7 15.
Qd3 Rb8 16. a4 Ne8 17. Rad1 Qa5 18. Bd2 Qd8 19. Be1 b5 20. axb5 Nc7 21. Bh4
axb5 22. e5 bxc4 23. bxc4 Ne8 24. e6 Ndf6 25. exf7+ Rxf7 26. f5 gxf5 27. Ng3
Rb3 28. Nxf5 Qa5 29. Be1 Bf8 30. Qg3+ Kh8 31. Rd3 Qa6 32. Rf4 Nh5 33. Nxe7 Bxe7
34. Rxf7 Nxg3 35. Bxg3 Qc8 36. Rxe7 Rb7 37. Re6 Rg7 38. Rde3 Nc7 39. Bh4 Nxe6
40. dxe6 Qa8 41. Nd5 Qa2 42. g4 Rb7 43. e7 Rxe7 44. Nxe7 h6 45. Nf5 Qxc4 46.
Re8+ Kh7 47. Re7+ Kg8 48. Rg7+ Kh8 49. Bf6 Qc1+ 50. Kg2 Qd2+ 51. Kf3 Qd1+ 52.
Ke3 Qb3+ 53. Kf4 Qc4+ 54. Kg3 Qc1 55. Rf7+ Kg8 56. Rg7+ Kh8 57. Kh4 Qe1+ 58.
Kh5 Qe8+ 59. Rf7+ Kg8 60. Nxh6#  1-0

[Event "2. BUNDESLIGA MITTE 2018/2019"]
[Site "Grieskirchen, Friedberg/Sauwald, St. Veit, Deutschlandsberg"]
[Date "2018.10.19"]
[Round "1"]
[Board "1"]
[White "Heinemann, Thies"]
[Black "Huber, Martin Christian"]
[Result "1-0"]
[WhiteElo "2509"]
[BlackElo "2325"]
[PlyCount "75"]
[EventDate "2018.10.19"]
[EventType "team"]
[EventRounds "11"]
[EventCountry "AUT"]
[WhiteTeam "EJ Gleisdorf"]
[BlackTeam "Schachfreunde Graz"]

1. e4 e5 2. Nf3 Nc6 3. Bb5 Nf6 4. Qe2 a6 5. Bxc6 dxc6 6. c3 Bg4 7. h3 Bxf3 8.
Qxf3 Qd7 9. d3 Rd8 10. Ke2 Be7 11. Nd2 Qe6 12. Rd1 O-O 13. Nf1 Rd7 14. g4 Rfd8
15. b3 Ne8 16. Be3 Nd6 17. c4 Nc8 18. Qf5 Qxf5 19. exf5 c5 20. Ng3 b6 21. Ne4
Na7 22. Rd2 Nc6 23. Rg1 a5 24. g5 g6 25. f6 Bf8 26. h4 a4 27. bxa4 Ra8 28. Nc3
Nd4+ 29. Bxd4 Rxd4 30. Rh1 h5 31. Rb2 Rad8 32. Rh3 Ra8 33. Rb5 Bd6 34. a5 Rxa5
35. Rxa5 bxa5 36. Ne4 Kf8 37. Rh1 Ke8 38. Rb1  1-0

[Event "2. BUNDESLIGA MITTE 2018/2019"]
[Site "Grieskirchen, Friedberg/Sauwald, St. Veit, Deutschlandsberg"]
[Date "2018.10.19"]
[Round "1"]
[Board "2"]
[White "Kravanja, Georg"]
[Black "Frosch, Ronald"]
[Result "1-0"]
[WhiteElo "2284"]
[BlackElo "2284"]
[PlyCount "87"]
[EventDate "2018.10.19"]
[EventType "team"]
[EventRounds "11"]
[EventCountry "AUT"]
[WhiteTeam "Schachfreunde Graz"]
[BlackTeam "EJ Gleisdorf"]

1. d4 Nf6 2. c4 g6 3. Nc3 d6 4. e4 Bg7 5. Be2 O-O 6. Bg5 c5 7. d5 a6 8. a4 Qc7
9. h3 Nbd7 10. Nf3 Ne5 11. Nxe5 dxe5 12. O-O e6 13. a5 Ne8 14. Qd2 f5 15. Rfd1
Rf7 16. Bd8 Qd6 17. dxe6 Qxe6 18. Bb6 Bf8 19. Na4 Nf6 20. exf5 Qxf5 21. Nxc5
Bxc5 22. Bxc5 Bd7 23. Qe3 Bc6 24. b4 Rc8 25. Rd6 Qe4 26. Bf1 Qh4 27. Qxe5 Re8
28. Re6 Rxe6 29. Qxe6 Ne4 30. Qc8+ Kg7 31. Bd4+ Kh6 32. Qg4 Qe7 33. Re1 g5 34.
h4 Rf4 35. hxg5+ Qxg5 36. Qxg5+ Nxg5 37. Be3 Rg4 38. b5 axb5 39. cxb5 Bd5 40.
Rd1 Kg7 41. Bxg5 Rxg5 42. f4 Rh5 43. Be2 Rf5 44. g4  1-0